00827nam a2200169 a 4500008004100000020001500041050001600056100001700072245004700089250001200136260003800148350000900186995013900195995015100334995015500485999001700640120416s0000 ||||||||||||||||| || u a0074624032 aHF 5721 Sha aSharma, R. C10aBusiness correspondence and report writing a2nd ed. aNew DelhibTata McGraw-Hillc1994 a0.00 aBINDERY (DAMAGED)D0.00e044606FCBU-MAIN LIBRARY (Kitwe)H1I35.00jHF 5721 ShaUDAMAGEDy044606ZMain Library Open Access Collection aMAIN LIBRARY OPEN ACCESSD0.00e732771FCBU-MAIN LIBRARY (Kitwe)H2I35.00jHF 5721 ShaM2UAVAILABLEy044608ZMain Library Open Access Collection aBINDERY (DAMAGED)D0.00e732772FCBU-MAIN LIBRARY (Kitwe)H3I35.00jHF 5721 ShaM3UDAMAGEDWApr 26, 2006y44605ZMain Library Open Access Collection c78993d78993